| 000 | 01395cam a2200133 4500500 | ||
|---|---|---|---|
| 005 | 20260405085527.0 | ||
| 041 | _afre | ||
| 042 | _adc | ||
| 100 | 1 | 0 |
_aDelumeau, Jean _eauthor |
| 245 | 0 | 0 | _aL'Italie de Botticelli à Bonaparte : De Botticelli à Bonaparte |
| 260 |
_bArmand Colin,
_c2022. |
||
| 520 | _aPendant près de 400 ans, la péninsule est un des principaux foyers de la vie économique, artistique et scientifique de l'Europe. Cette troisième édition refondue de L'Italie de Boticcelli à Bonaparte présente les structures et les continuités du destin national de l'Italie à travers la succession des esthétiques et des dominations. Il s'agit également d'une réhabilitation de l'Italie de Monteverdi et de Galilée, de Goldoni et de Volta. La Renaissance. Au temps de l'"équilibre italien". Guerres d'Italie et leçons de l'histoire. Techniques italiennes. Cartes économiques et conjoncture. Retour vers l'Antiquité ? La culture italienne au temps de la Renaissance. Floraison artistique. L'Âge baroque. Un dossier controversé. L'effacement politique. L'économie : de la prospérité au repli. La culture : éclat et excès. Les Lumières. Le temps et l'espace des Lumières. Démographie et économie. Aspects culturels. Un esprit nouveau. Les réformes. | ||
| 856 | 4 | 1 | _uhttps://shs.cairn.info/l-italie--9782200631499?lang=fr&redirect-ssocas=7080 |
| 999 |
_c2198295 _d2198295 |
||